Chosen Aspects of Corporate Payment and Collection Policy

Pravidlá týkajúce sa platobných podmienok sú jedným z kľúčových faktorov vo väčšine zmlúv v podnikoch Európskej únie. Základné charakteristiky a analýza vybraných aspektov politiky platobnej disciplíny, ktorá je dôležitou oblasťou riadenia finančných tokov v podniku.

Uložené v:
Podrobná bibliografia
Hlavný autor: Kubranová, Magdaléna, 1956-
Ďalší autori: Ponecová, Gabriela, Tóthová, Alena, 1968-
Médium: Kapitola
Jazyk:English
Predmet:
Tagy: Pridať tag
Žiadne tagy, Buďte prvý, kto otaguje tento záznam!

MARC

LEADER 00000nla a2200000 4500
001 0213025
005 20240502083534.4
041 0 |a eng 
044 |a CZ 
245 1 0 |a Chosen Aspects of Corporate Payment and Collection Policy  |c Magdaléna Kubranová, Gabriela Ponecová, Alena Tóthová 
520 |a Pravidlá týkajúce sa platobných podmienok sú jedným z kľúčových faktorov vo väčšine zmlúv v podnikoch Európskej únie. Základné charakteristiky a analýza vybraných aspektov politiky platobnej disciplíny, ktorá je dôležitou oblasťou riadenia finančných tokov v podniku. 
610 2 0 |a disciplína platobná 
610 2 0 |a cash flow 
610 2 0 |a financie podnikové 
610 2 0 |a hospodárstvo podniku finančné 
610 2 0 |a návratnosť prostriedkov obežných 
610 2 0 |a solventnosť 
100 1 |a Kubranová, Magdaléna, 1956- 
700 1 |a Ponecová, Gabriela 
700 1 |a Tóthová, Alena, 1968-